Teoretické štúdium katalytického účinku komplexov medi vo formálnom oxidačnom stupni III. Mechanizmus CuAAC

Gespeichert in:
Bibliographische Detailangaben
1. Verfasser: Hrubják, Martin (Verfasst von)
Weitere Verfasser: Jelemenská, Ingrid (Betreuung Doktorarbeit)
Format: Manuskript Buch
Sprache:Slowakisch
Veröffentlicht: 2025
Schlagworte:
Online-Zugang:http://is.stuba.sk/zp/portal_zp.pl?podrobnosti=184663
Tags: Tag hinzufügen
Keine Tags, Fügen Sie das erste Tag hinzu!

MARC

LEADER 00000ntm a22000003a 4500
001 stuzp104090
003 SK-STU
005 20250607210423.5
007 ta
008 150427s2015----xo-----f-mn---000-0-slo-d
040 |a STU  |b slo 
041 0 |a slo 
100 1 |a Hrubják, Martin  |u 045210  |4 aut  |U FCHPT Ústav fyzikálnej chémie a chemickej fyziky  |T FCHPT Oddelenie fyzikálnej chémie  |X 110526  |U C5210  |Y 117  |7 110526 
242 0 1 |a Theoretical study of the catalytic effect of the copper complexes in the formal oxidation state III. Mechanism of CuAAC  |y eng 
245 1 0 |a Teoretické štúdium katalytického účinku komplexov medi vo formálnom oxidačnom stupni III. Mechanizmus CuAAC 
260 |c 2025 
650 4 |a B3LYP  |2 eng 
650 4 |a theoretical calculations  |2 eng 
650 4 |a DFT  |2 eng 
650 4 |a CuAAC  |2 eng 
650 4 |a xTB  |2 eng 
650 4 |a B3LYP  |2 slo 
650 4 |a DFT  |2 slo 
650 4 |a CuAAC  |2 slo 
650 4 |a teoretické výpočty  |2 slo 
650 4 |a xTB  |2 slo 
700 1 |a Jelemenská, Ingrid  |u 045210  |k Z1  |4 ths  |U FCHPT Ústav fyzikálnej chémie a chemickej fyziky  |T FCHPT Oddelenie fyzikálnej chémie  |X 49752  |U C5210  |Y 117  |7 A000049752 
856 4 |u http://is.stuba.sk/zp/portal_zp.pl?podrobnosti=184663